Detalles MARC
| 000 -CABECERA |
| Longitud fija campo de control |
02399nam a2200481 c 4500 |
| 001 - NÚMERO DE CONTROL |
| Número de control |
659 |
| 003 - IDENTIFICADOR DE NÚMERO DE CONTROL |
| Identificador del número de control |
ES-MaCES |
| 005 - FECHA Y HORA DE LA ÚLTIMA TRANSACCIÓN |
| Fecha y hora de la última transacción |
20190511040036.0 |
| 008 - CAMPO FIJO DE DESCRIPCIÓN FIJA--INFORMACIÓN GENERAL |
| Códigos de información de longitud fija |
981013s1987 sp ||| | spa d |
| 017 ## - NÚMERO DE REGISTRO DE DERECHOS DE AUTOR Y DEPÓSITO LEGAL |
| Número de copyright o de depósito legal |
M 4974-1987 |
| Agencia que asigna el número |
DL |
| 020 ## - ISBN (INTERNATIONAL STANDARD BOOK NUMBER) |
| Número Internacional Normalizado para Libros (ISBN) |
8486168228 |
| 020 ## - ISBN (INTERNATIONAL STANDARD BOOK NUMBER) |
| Número Internacional Normalizado para Libros (ISBN) |
8436803604 |
| 035 ## - NÚMERO DE CONTROL DEL SISTEMA |
| Número de control del sistema |
CES19980006624m |
| 040 ## - FUENTE DE CATALOGACIÓN |
| Centro catalogador de origen |
ES-MaCES |
| Lengua de catalogación |
spa |
| Centro transcriptor |
ES-MaCES |
| 041 0# - CÓDIGO DE IDIOMA |
| Código de lengua del texto;banda sonora o título independiente |
spa |
| -- |
eng |
| -- |
fre |
| 111 2# - ENCABEZAMIENTO PRINCIPAL--NOMBRE DE REUNIÓN |
| Nombre de congreso o jurisdicción como elemento de entrada |
Seminario Internacional "La Biblioteca, Lugar de Apertura a la Comprensión Internacional, Función del Libro y la Lectura" |
| Fecha del congreso |
1985 |
| Sede del congreso |
Salamanca |
| 9 (RLIN) |
17 |
| 245 10 - MENCIÓN DE TÍTULO |
| Título |
Seminario Internacional 'La biblioteca, Lugar de Apertura a la Comprensión Internacional, Función del Libro y la Lectura |
| Resto del título |
= International Seminar 'The Library, Doorway to International Understanding, Role of Books and Reading' = Séminaire international 'La bibliothèque, lieu d'ouverture a la compréhension internationale, rôle du livre et de la lecture' : Salamanca, del 9 al 13 de junio de 1985 |
| Mención de responsabilidad, etc. |
[organizado por la] Fundación Germán Sáncherz Ruipérez ; [bajo los auspicios de la] Unesco, [con la participación de la] IFLA |
| 260 ## - PUBLICACIÓN, DISTRIBUCIÓN, ETC (PIE DE IMPRENTA) |
| Lugar de publicación, distribución, etc. |
Madrid |
| Nombre del editor, distribuidor, etc. |
Fundación Germán Sánchez Ruipérez |
| -- |
Pirámide |
| Fecha de publicación, distribución, etc. |
D.L. 1987 |
| 300 ## - DESCRIPCIÓN FÍSICA |
| Extensión |
379 p. |
| Dimensiones |
21 cm |
| 490 1# - MENCIÓN DE SERIE |
| Mención de serie |
Biblioteca del libro. Serie Minor |
| 500 ## - NOTA GENERAL |
| Nota general |
Texto en español, inglés y francés |
| 541 ## - NOTA DE LA FUENTE INMEDIANTE DE ADQUISICIÓN |
| Forma de adquisición |
Compra |
| 650 #4 - ASIENTO SECUNDARIO DE MATERIA--TÉRMINO DE MATERIA |
| Término de materia o nombre geográfico como elemento inicial |
libro |
| 9 (RLIN) |
27873 |
| 650 #4 - ASIENTO SECUNDARIO DE MATERIA--TÉRMINO DE MATERIA |
| Término de materia o nombre geográfico como elemento inicial |
lectura |
| 9 (RLIN) |
27477 |
| 650 #4 - ASIENTO SECUNDARIO DE MATERIA--TÉRMINO DE MATERIA |
| Término de materia o nombre geográfico como elemento inicial |
niños |
| 9 (RLIN) |
28517 |
| 650 #4 - ASIENTO SECUNDARIO DE MATERIA--TÉRMINO DE MATERIA |
| Término de materia o nombre geográfico como elemento inicial |
juventud |
| 9 (RLIN) |
28522 |
| 650 #4 - ASIENTO SECUNDARIO DE MATERIA--TÉRMINO DE MATERIA |
| Término de materia o nombre geográfico como elemento inicial |
medios de comunicación de masas |
| 9 (RLIN) |
27878 |
| 650 #4 - ASIENTO SECUNDARIO DE MATERIA--TÉRMINO DE MATERIA |
| Término de materia o nombre geográfico como elemento inicial |
factor cultural |
| 9 (RLIN) |
27263 |
| 650 #4 - ASIENTO SECUNDARIO DE MATERIA--TÉRMINO DE MATERIA |
| Término de materia o nombre geográfico como elemento inicial |
relaciones culturales |
| 9 (RLIN) |
29384 |
| 650 #4 - ASIENTO SECUNDARIO DE MATERIA--TÉRMINO DE MATERIA |
| Término de materia o nombre geográfico como elemento inicial |
análisis transcultural |
| 9 (RLIN) |
27258 |
| 650 #4 - ASIENTO SECUNDARIO DE MATERIA--TÉRMINO DE MATERIA |
| Término de materia o nombre geográfico como elemento inicial |
conferencia |
| 9 (RLIN) |
27013 |
| 653 10 - TÉRMINO DE INDEXACIÓN--NO CONTROLADO |
| Término no controlado |
Biblioteconomía |
| 650 #4 - ASIENTO SECUNDARIO DE MATERIA--TÉRMINO DE MATERIA |
| 9 (RLIN) |
28926 |
| Término de materia o nombre geográfico como elemento inicial |
biblioteca |
| 710 2# - ENCABEZAMIENTO SECUNDARIO--NOMBRE CORPORATIVO |
| Nombre de entidad o nombre de jurisdicción como elemento inicial |
Fundación Germán Sánchez Ruipérez |
| Término indicativo de función |
col. |
| 9 (RLIN) |
3830 |
| 710 2# - ENCABEZAMIENTO SECUNDARIO--NOMBRE CORPORATIVO |
| Nombre de entidad o nombre de jurisdicción como elemento inicial |
UNESCO |
| Término indicativo de función |
col. |
| 9 (RLIN) |
5066 |
| 710 2# - ENCABEZAMIENTO SECUNDARIO--NOMBRE CORPORATIVO |
| Nombre de entidad o nombre de jurisdicción como elemento inicial |
Federación Internacional de Asociaciones e Instituciones Bibliotecarias |
| Término indicativo de función |
col. |
| 9 (RLIN) |
3569 |
| 711 2# - ENCABEZAMIENTO SECUNDARIO--NOMBRE DE REUNIÓN |
| Nombre de congreso o nombre de jurisdicción como elemento inicial |
International Seminar 'The Library, Doorway to International Understanding, Role of Books and Reading' |
| Fecha del congreso |
1985 |
| Sede del congreso |
Salamanca |
| 9 (RLIN) |
18 |
| 711 2# - ENCABEZAMIENTO SECUNDARIO--NOMBRE DE REUNIÓN |
| Nombre de congreso o nombre de jurisdicción como elemento inicial |
Séminaire internationale 'La bibliothèque, lieu d'ouverture a la compréhension internationale, rôle du livre et de la lecture' |
| Fecha del congreso |
1985 |
| Sede del congreso |
Salamanca |
| 9 (RLIN) |
19 |
| 830 #0 - ENCABEZAMIENTO SECUNDARIO DE COLECCIÓN--TÍTULO UNIFORME |
| Título uniforme |
Biblioteca del libro |
| Nombre de parte o sección de la obra |
Serie Minor |
| 9 (RLIN) |
32210 |
| 902 ## - CES. TIPO DE DOCUMENTO |
| Tipodoc (006$c Sirtex) |
LIB Libro |
| 942 ## - ELEMENTOS KOHA |
| Fuente de clasificaión o esquema |
Clasificación propia del CES |
| Koha [por defecto] tipo de item |
Monografías |
| Parte de clasificación |
9.0. |